[Event "Eindhoven WLC op 15th"]
[Site "Eindhoven"]
[Date "2025.05.18"]
[Round "6"]
[White "Grooten, Herman"]
[Black "Van der Werf, Joel"]
[Result "0-1"]
[WhiteElo "2184"]
[BlackElo "2097"]
[PlyCount "124"]
[EventDate "2025.05.16"]
[EventType "swiss"]
[EventRounds "6"]
[EventCountry "NED"]
[SourceTitle "CB21_2025"]
[SourceDate "2025.05.21"]
[SourceVersion "1"]
[SourceVersionDate "2025.05.21"]
[SourceQuality "1"]

1. d4 Nf6 2. c4 e6 3. Nf3 d5 4. Nc3 Bb4 5. Qa4+ Nc6 6. Bd2 0-0 7. e3 Re8 8. Rd1 Bf8 9. a3 a6 10. Qc2 e5 11. cxd5 Nxd4 12. exd4 exd4+ 13. Ne2 Qxd5 14. Qxc7 Bg4 15. Be3 Bxf3 16. Rxd4 Qc6 17. Qf4 Bxe2 18. Bxe2 Bc5 19. Rc4 Bxe3 20. fxe3 Qxg2 21. Rf1 Rac8 22. Rf2 Qg6 23. Rxc8 Rxc8 24. Qd4 Qg1+ 25. Rf1 Qxh2 26. Rxf6 Rc1+ 27. Kd2 Rc2+ 28. Kxc2 Qxe2+ 29. Kb1 gxf6 30. e4 Qf1+ 31. Ka2 b5 32. Qe3 Qc4+ 33. Ka1 Qf1+ 34. Ka2 Qg2 35. Qd4 Qg4 36. Kb3 h5 37. Kb4 h4 38. Ka5 h3 39. Qd8+ Kg7 40. Qd6 Qg2 41. e5 fxe5 42. Qxe5+ Kg6 43. Qh8 f5 44. Kxa6 f4 45. Qe8+ Kh6 46. Qf8+ Kg5 47. Qg7+ Kf5 48. Qf7+ Kg4 49. Qg6+ Kh4 50. Qh6+ Kg3 51. Qg5+ Kf3 52. Qd5+ Kf2 53. Qc5+ Ke2 54. Qe5+ Kd1 55. b4 f3 56. Qd5+ Ke1 57. Qe5+ Qe2 58. Qa1+ Kf2 59. Qd4+ Kf1 60. Qa1+ Kg2 61. Qg7+ Kh1 62. Qg4 Qg2 0-1

[Event "Eindhoven WLC op 15th"]
[Site "Eindhoven"]
[Date "2025.05.18"]
[Round "5"]
[White "Van der Werf, Joel"]
[Black "Ganeshram, Nirupa"]
[Result "1-0"]
[WhiteElo "2097"]
[BlackElo "1907"]
[PlyCount "91"]
[EventDate "2025.05.16"]
[EventType "swiss"]
[EventRounds "6"]
[EventCountry "NED"]
[SourceTitle "CB21_2025"]
[SourceDate "2025.05.21"]
[SourceVersion "1"]
[SourceVersionDate "2025.05.21"]
[SourceQuality "1"]

1. e4 c5 2. Nf3 d6 3. d4 cxd4 4. Nxd4 Nf6 5. Nc3 g6 6. Be3 Bg7 7. f3 0-0 8. Qd2 Nc6 9. Bc4 Bd7 10. 0-0-0 Rc8 11. Bb3 Ne5 12. Kb1 Nc4 13. Bxc4 Rxc4 14. h4 h5 15. g4 hxg4 16. h5 Nxh5 17. fxg4 Bxg4 18. Rdg1 Nf6 19. Bh6 Nxe4 20. Nxe4 Rxd4 21. Qf4 f5 22. Bxg7 Kxg7 23. Qh6+ Kf7 24. Ng5+ Kf6 25. Nh7+ Kf7 26. Nxf8 Qxf8 27. Qe3 Qg7 28. Qb3+ Kf6 29. Qxb7 e5 30. Qb8 Qf7 31. Rh8 Kg5 32. Rhh1 e4 33. Qh8 Rd5 34. Qh4+ Kf4 35. Rf1+ Ke5 36. Qxg4 Ra5 37. Qf4+ Ke6 38. Rd1 d5 39. c4 Qf6 40. cxd5+ Rxd5 41. Rxd5 Kxd5 42. Rd1+ Kc5 43. Qc7+ Kb5 44. Rd5+ Kb4 45. Qa5+ Kc4 46. Qb5# 1-0

[Event "Vlissingen HZ op 26th"]
[Site "Vlissingen"]
[Date "2024.08.05"]
[Round "4"]
[White "Van der Werf, Joel"]
[Black "Brehme, Ralf Peter"]
[Result "1-0"]
[WhiteElo "2114"]
[BlackElo "1952"]
[PlyCount "95"]
[EventDate "2024.08.03"]
[EventType "swiss"]
[EventRounds "9"]
[EventCountry "NED"]
[SourceTitle "CBM 221 Extra"]
[Source "ChessBase"]
[SourceDate "2024.09.30"]
[SourceVersion "1"]
[SourceVersionDate "2024.09.30"]
[SourceQuality "1"]

1. e4 d5 2. exd5 Nf6 3. d4 Bg4 4. Bb5+ c6 5. dxc6 Nxc6 6. f3 Bf5 7. c3 Qb6 8. Qb3 e6 9. Ne2 Be7 10. Nd2 0-0 11. Nc4 Qc7 12. Bf4 Qd8 13. Ne3 Bg6 14. Qd1 Qb6 15. a4 e5 16. Nc4 Qc7 17. Nxe5 Nxe5 18. Bxe5 Qb6 19. Qd2 a6 20. Bc4 Rac8 21. Ba2 Nd7 22. Bg3 Rfe8 23. a5 Qb5 24. Kf2 Bg5 25. Nf4 Nf6 26. c4 Qa4 27. Qc3 Bxf4 28. Bxf4 Nd5 29. Bb3 Qxa1 30. Rxa1 Nxc3 31. bxc3 Bd3 32. c5 Re2+ 33. Kg3 Rc6 34. Kh3 h6 35. Bd5 Rf6 36. Be5 Rg6 37. g4 h5 38. Ra2 hxg4+ 39. fxg4 Rxa2 40. Bxa2 Bf1+ 41. Kg3 Bb5 42. h4 Bd7 43. g5 Rc6 44. Bd5 g6 45. Bd6 Be6 46. Bxc6 bxc6 47. Kf4 Kg7 48. Be7 1-0

[Event "Vlissingen HZ op 26th"]
[Site "Vlissingen"]
[Date "2024.08.04"]
[Round "3"]
[White "Tarigan, Gilbert Elroy"]
[Black "Van der Werf, Joel"]
[Result "1-0"]
[WhiteElo "2359"]
[BlackElo "2114"]
[PlyCount "85"]
[EventDate "2024.08.03"]
[EventType "swiss"]
[EventRounds "9"]
[EventCountry "NED"]
[SourceTitle "CBM 221 Extra"]
[Source "ChessBase"]
[SourceDate "2024.09.30"]
[SourceVersion "1"]
[SourceVersionDate "2024.09.30"]
[SourceQuality "1"]

1. d4 Nf6 2. Nf3 e6 3. c4 d5 4. g3 Bb4+ 5. Bd2 a5 6. Qc1 0-0 7. Bg2 Be7 8. 0-0 c6 9. Rd1 Nbd7 10. b3 Ne4 11. Nc3 Nxc3 12. Bxc3 Qe8 13. Bb2 Bd6 14. Ba3 Qe7 15. Bxd6 Qxd6 16. Qc2 f5 17. Rac1 Nf6 18. Ne5 Bd7 19. Qb2 Rfc8 20. a3 b5 21. Nd3 bxc4 22. bxc4 Rcb8 23. Qc3 Be8 24. Rb1 Rxb1 25. Rxb1 h6 26. Nc5 Nd7 27. Nb7 Qb8 28. Rb2 a4 29. Nc5 Qd6 30. Nxd7 Qxd7 31. c5 Qd8 32. Rb6 Qg5 33. e3 Qg4 34. f3 Qg5 35. Kf2 Qf6 36. Qb2 Kh7 37. Rb8 Rxb8 38. Qxb8 Bd7 39. Bf1 h5 40. h4 g5 41. Qc7 gxh4 42. Qxd7+ Kg6 43. Qe8+ 1-0

[Event "NED-ch U20"]
[Site "Assen"]
[Date "2018.04.30"]
[Round "2"]
[White "Bueno, Mark"]
[Black "Van der Werf, Joel"]
[Result "0-1"]
[WhiteElo "1999"]
[BlackElo "1842"]
[PlyCount "64"]
[EventDate "2018.04.29"]
[EventType "swiss"]
[EventRounds "7"]
[EventCountry "NED"]
[SourceTitle "CBM 184 Extra"]
[Source "ChessBase"]
[SourceDate "2018.06.28"]
[SourceVersion "1"]
[SourceVersionDate "2018.06.28"]
[SourceQuality "1"]

1. e4 e5 2. Nf3 Nc6 3. Bb5 a6 4. Ba4 Nf6 5. 0-0 Be7 6. Re1 b5 7. Bb3 d6 8. c3 0-0 9. h3 Na5 10. Bc2 c5 11. d4 Nd7 12. d5 Nb6 13. b3 c4 14. b4 Nb7 15. Nbd2 a5 16. Nf1 axb4 17. cxb4 Na4 18. Re3 Bd7 19. Ng3 Qc7 20. Nf5 Bf6 21. g4 g6 22. g5 Bd8 23. Nh2 Kh8 24. Rg3 f6 25. Nh4 fxg5 26. N4f3 h6 27. h4 Kg7 28. hxg5 h5 29. Nh4 Qc8 30. f4 exf4 31. Qd4+ Kh7 32. Rg2 Bb6 0-1